[Event "Aktivschach 2008"]
[Site "?"]
[Date "2008.09.12"]
[Round "1"]
[White "Polgar, Mephisto"]
[Black "Modena, Mephisto"]
[Result "1-0"]
[WhiteElo "2002"]
[BlackElo "1959"]
[Annotator "Alexander Riedel"]
[PlyCount "198"]
[EventDate "2008.??.??"]
[SourceDate "2009.06.14"]

1. d4 d5 2. c4 e6 3. Nc3 Nf6 4. Bg5 c6 5. e3 Nbd7 6. Nf3 Qa5 7. Bxf6 Nxf6 8.
Bd3 dxc4 9. Bxc4 Nd5 10. Rc1 Bb4 11. Qd2 O-O 12. O-O Nxc3 13. bxc3 Bd6 14. e4
Rd8 15. Rfd1 b6 16. h3 Ba6 17. Bxa6 Qxa6 18. c4 Qa4 19. Qc2 Qxc2 20. Rxc2 Kf8
21. e5 Bb4 22. Kh2 b5 23. Kg3 a5 24. Ra1 Kg8 25. Kf4 Kf8 26. h4 h5 27. Ke3 Ke8
28. Ke4 bxc4 29. Rxc4 Kd7 30. Rac1 Rdc8 31. Ng5 f6 32. Nf3 Ba3 33. R1c3 Bb4 34.
Rc2 Rab8 35. Rc1 Ba3 36. R1c3 Bb4 37. Rc2 Rb5 38. a4 Rd5 39. Kd3 c5 40. Ke4 Ke7
41. Rc1 Ba3 42. Rb1 f5+ 43. Kf4 Bb4 44. Rbc1 Ba3 45. R1c2 Kf7 46. Kg5 Bb4 47.
Rc1 Ba3 48. Rb1 Bb4 49. Rc2 c4 50. Kxh5 Rh8+ 51. Kg5 Rc8 52. Kf4 Rdd8 53. Ng5+
Ke7 54. Ke3 Rd7 55. f4 Rdc7 56. Rd1 Rd8 57. h5 Rc6 58. g3 Rd7 59. Rg1 Rdc7 60.
Rh1 Kd7 61. Rd1 Ke8 62. d5 exd5 63. Rxd5 Ke7 64. e6 Rc5 65. Rxc5 Bxc5+ 66. Kf3
Bb4 67. g4 fxg4+ 68. Kxg4 Bd6 69. f5 Be5 70. Nf3 Bf6 71. Kf4 Kd6 72. Ng5 Be5+
73. Ke4 Bf6 74. Nf7+ Kc5 75. h6 gxh6 76. Nxh6 Kb4 77. Ng8 Kb3 78. Rf2 Bh4 79.
f6 Bxf2 80. e7 c3 81. e8=Q Rc4+ 82. Kd3 c2 83. Qb5+ Rb4 84. Qg5 Kb2 85. f7 Rd4+
86. Ke2 c1=Q 87. Qxc1+ Kxc1 88. f8=Q Rd2+ 89. Kf3 Bd4 90. Ke4 Bc3 91. Qa3+ Kc2
92. Ne7 Bb4 93. Qa2+ Kc1 94. Qa1+ Kc2 95. Nd5 Kb3 96. Nb6 Re2+ 97. Kf5 Rf2+ 98.
Kg4 Rd2 99. Qf1 Kc3 1-0

[Event "Aktivschach 2008"]
[Site "?"]
[Date "2008.08.27"]
[Round "2"]
[White "Polgar, Mephisto"]
[Black "Roma 68000, Mephisto"]
[Result "0-1"]
[WhiteElo "2002"]
[BlackElo "1995"]
[Annotator "Alexander Riedel"]
[PlyCount "76"]
[EventDate "2008.??.??"]
[SourceDate "2009.06.14"]

1. e4 c6 2. d4 d5 3. Nc3 dxe4 4. Nxe4 Bf5 5. Ng3 Bg6 6. h4 h6 7. h5 Bh7 8. Nf3
Nd7 9. Bd3 Bxd3 10. Qxd3 e6 11. Bf4 Qa5+ 12. Bd2 Qc7 13. O-O-O Ngf6 14. Ne4
O-O-O 15. Nxf6 Nxf6 16. Ne5 Bd6 17. f4 Nd5 18. Rdf1 f6 19. Ng6 Rhe8 20. g4 c5
21. dxc5 Qxc5 22. Qf3 Kb8 23. Re1 Rc8 24. c3 Ka8 25. Kb1 Qb5 26. Rhf1 Ba3 27.
b3 Rc7 28. Rf2 Rec8 29. Rxe6 Nxc3+ 30. Ka1 Nd5 31. Re1 Qc5 32. Bc3 Qxc3+ 33.
Qxc3 Rxc3 34. Rff1 Ne3 35. Nh4 Nc2+ 36. Kb1 Nxe1 37. Rxe1 Rc1+ 38. Rxc1 Rxc1#
0-1

[Event "Aktivschach 2008"]
[Site "?"]
[Date "2009.08.10"]
[Round "1"]
[White "Polgar, Mephisto"]
[Black "Super Expert C 6 MHz, Novag"]
[Result "1-0"]
[WhiteElo "2002"]
[BlackElo "2034"]
[Annotator "Alexander Riedel"]
[PlyCount "119"]
[EventDate "2008.??.??"]
[SourceDate "2009.06.14"]

1. e4 e5 2. Nf3 Nc6 3. Bb5 a6 4. Ba4 Nf6 5. O-O Nxe4 6. d4 b5 7. Bb3 d5 8. dxe5
Be6 9. Qe2 Be7 10. Rd1 O-O 11. c4 bxc4 12. Bxc4 Bc5 13. Be3 Bxe3 14. Qxe3 Qb8
15. Bb3 Na5 16. Nbd2 Qa7 17. Qxa7 Rxa7 18. Bc2 Nxd2 19. Nxd2 Rb7 20. b3 Nc6 21.
f4 Nd4 22. Bd3 a5 23. Rac1 Bg4 24. Re1 c6 25. h3 Bd7 26. Kf2 Ne6 27. f5 Nf4 28.
Bb1 Rc8 29. Kf3 g5 30. h4 Rb4 31. hxg5 Nh5 32. g3 Ng7 33. g4 c5 34. Bd3 Rd4 35.
Re3 Kh8 36. e6 fxe6 37. f6 Ne8 38. Rh1 Kg8 39. Bxh7+ Kf7 40. Bd3 Kg8 41. Rh2
Rb8 42. Bg6 Nd6 43. Rh7 Be8 44. Rg7+ Kf8 45. Nb1 Bxg6 46. Rxg6 Re8 47. Rg7 e5
48. Rd7 Rf4+ 49. Ke2 Rxg4 50. Rxd6 d4 51. Rh3 Rxg5 52. Rd7 Rg2+ 53. Kf3 Rg8 54.
f7 e4+ 55. Kf4 e3 56. Rh7 Rb8 57. Kf3 a4 58. bxa4 e2 59. fxg8=Q+ Kxg8 60. Rhe7
1-0

[Event "Aktivschach 2008"]
[Site "?"]
[Date "2008.08.28"]
[Round "2"]
[White "Polgar, Mephisto"]
[Black "Monte Carlo, Mephisto"]
[Result "1-0"]
[WhiteElo "2002"]
[BlackElo "1888"]
[Annotator "Alexander Riedel"]
[PlyCount "113"]
[EventDate "2008.??.??"]
[SourceDate "2009.06.14"]

1. d4 d5 2. c4 e5 3. dxe5 d4 4. Nf3 Nc6 5. g3 Bg4 6. Bg2 Qd7 7. O-O O-O-O 8.
Qd3 Bf5 9. Qb3 Na5 10. Qb5 Qxb5 11. cxb5 h6 12. Bd2 Nc4 13. b3 Nxd2 14. Nbxd2
Ba3 15. Nc4 Bb4 16. Rac1 d3 17. exd3 Bxd3 18. Rfd1 Ne7 19. Nd6+ Bxd6 20. Rxd3
Ba3 21. Rcd1 Rxd3 22. Rxd3 Ng6 23. Bh3+ Kb8 24. Rd7 Be7 25. Bf5 Re8 26. Bxg6
fxg6 27. Nd4 Kc8 28. Rd5 Rd8 29. Rxd8+ Kxd8 30. Kg2 Kd7 31. f4 Bc5 32. Nc2 g5
33. b4 Bf8 34. f5 g6 35. g4 gxf5 36. gxf5 h5 37. Kf3 g4+ 38. Ke4 Bh6 39. f6 h4
40. Kf5 g3 41. e6+ Ke8 42. hxg3 hxg3 43. Ne1 Bd2 44. Ng2 Bxb4 45. Kg6 Bc5 46.
a4 a6 47. Kf5 axb5 48. axb5 Bd6 49. Kg6 c6 50. bxc6 bxc6 51. Ne3 Bc5 52. Kg7
Bd6 53. f7+ Kd8 54. f8=Q+ Bxf8+ 55. Kxf8 Kc7 56. e7 Kb6 57. e8=Q 1-0

[Event "Aktivschach 2008"]
[Site "?"]
[Date "2008.08.22"]
[Round "2"]
[White "Roma 68000, Mephisto"]
[Black "D++ 6 MHz, Saitek"]
[Result "1-0"]
[WhiteElo "1995"]
[BlackElo "2026"]
[Annotator "Alexander Riedel"]
[PlyCount "165"]
[EventDate "2008.??.??"]
[SourceDate "2009.06.14"]

1. Nf3 d5 2. d4 e6 3. c4 c6 4. Qc2 Nf6 5. a3 Bd6 6. Bg5 Nbd7 7. cxd5 exd5 8. e3
h6 9. Bh4 Nb6 10. Nbd2 O-O 11. Bd3 Bd7 12. O-O Qe7 13. Bxf6 Qxf6 14. e4 Bf4 15.
e5 Qe7 16. Rac1 Bg4 17. Rce1 Qd7 18. h3 Be6 19. Rc1 Qe7 20. Rfe1 Rfe8 21. Bh7+
Kh8 22. Bf5 Nc4 23. Bxe6 Nxd2 24. Nxd2 Qxe6 25. Rcd1 Re7 26. Nb3 Rc7 27. Nc5
Qc8 28. Re2 b6 29. Nd3 Bg5 30. b4 a5 31. f4 Be7 32. Rc1 axb4 33. Nxb4 Qd7 34.
Qc3 c5 35. Nd3 Qa4 36. Nb4 Rd7 37. Nc2 cxd4 38. Nxd4 Qxa3 39. Qxa3 Bxa3 40. Rd1
Bc5 41. Kh2 Kg8 42. g3 Kf8 43. Kg2 Ra4 44. Nf5 d4 45. Red2 Rd8 46. g4 Rc4 47.
Rd3 b5 48. Kf3 g6 49. Nxh6 Kg7 50. g5 Rd5 51. Rb3 b4 52. h4 Rc2 53. Rdd3 Rh2
54. Kg3 Ra2 55. Ng4 Rd7 56. Nf6 Rb7 57. Ne4 Ba7 58. Nd6 Rb8 59. f5 Re2 60. Rf3
Bc5 61. fxg6 fxg6 62. Rf7+ Kg8 63. Rf6 Kh7 64. Kf4 Rh8 65. Ne4 Bf8 66. e6 Bg7
67. Rxb4 Rd8 68. Rb7 Re1 69. Rff7 Rf1+ 70. Kg4 Rxf7 71. Rxf7 Ra8 72. Nf6+ Kh8
73. e7 d3 74. e8=R+ Rxe8 75. Nxe8 d2 76. Rd7 d1=Q+ 77. Rxd1 Be5 78. Rf1 Kh7 79.
Rf8 Bh8 80. Nf6+ Bxf6 81. gxf6 g5 82. h5 Kh6 83. Rh8# 1-0

[Event "Aktivschach 2008"]
[Site "?"]
[Date "2008.09.07"]
[Round "2"]
[White "Roma 68000, Mephisto"]
[Black "GK 2000, Saitek"]
[Result "1-0"]
[WhiteElo "1995"]
[BlackElo "1974"]
[Annotator "Alexander Riedel"]
[PlyCount "83"]
[EventDate "2008.??.??"]
[SourceDate "2009.06.14"]

1. d4 d5 2. Nf3 Nf6 3. c4 dxc4 4. e3 e6 5. Bxc4 Nbd7 6. O-O Bd6 7. Nc3 Nb6 8.
Bb3 Bd7 9. e4 Be7 10. a4 O-O 11. a5 Nc8 12. a6 b6 13. e5 Ne8 14. d5 exd5 15.
Qxd5 c6 16. Qe4 Nc7 17. Rd1 Re8 18. Bxf7+ Kxf7 19. e6+ Bxe6 20. Rxd8 Bxd8 21.
Ng5+ Bxg5 22. Bxg5 Ne7 23. Qxh7 Nf5 24. Qh5+ Kf8 25. Qf3 Kg8 26. Qxc6 Rec8 27.
Qe4 Nd6 28. Qg6 Nde8 29. Qd3 Kf7 30. Rd1 Bg4 31. f3 Be6 32. Bh4 Bb3 33. Re1 Be6
34. h3 Nf6 35. Qd6 g5 36. Bxg5 Nfe8 37. Qe7+ Kg6 38. Ne2 Bf7 39. Nf4+ Kg7 40.
Bh6+ Kh8 41. Qxf7 Nxa6 42. Ng6# 1-0

[Event "Aktivschach 2008"]
[Site "?"]
[Date "2008.10.26"]
[Round "1"]
[White "Roma 68000, Mephisto"]
[Black "Kishon Chesster, Fidelity"]
[Result "1/2-1/2"]
[WhiteElo "1995"]
[BlackElo "1873"]
[Annotator "Alexander Riedel"]
[PlyCount "199"]
[EventDate "2008.??.??"]
[SourceDate "2009.06.14"]

1. Nf3 d5 2. d4 Nf6 3. Bg5 g6 4. Bxf6 exf6 5. e3 Nc6 6. Bb5 a6 7. Bxc6+ bxc6 8.
O-O Rb8 9. b3 Bg7 10. Nbd2 O-O 11. c4 Re8 12. Rc1 Bf5 13. Qe2 a5 14. cxd5 cxd5
15. Qa6 Ra8 16. Qb7 Bd3 17. Rfe1 Re7 18. Rc5 Rd7 19. Qc6 a4 20. Rcc1 axb3 21.
axb3 Ra2 22. Red1 Qe8 23. Nf1 Ra6 24. Qc5 Be2 25. Re1 Bf8 26. Qc3 Bxf3 27. gxf3
Qe6 28. Ng3 Bg7 29. Ra1 f5 30. Qb4 Rd8 31. Rxa6 Qxa6 32. Qe7 Qc8 33. Rc1 Rd7
34. Qb4 c6 35. Qc5 Rc7 36. Qd6 Qb7 37. Qd8+ Bf8 38. Rc3 Rc8 39. Qf6 Be7 40. Qe5
Ra8 41. Ne2 Ra1+ 42. Kg2 Qd7 43. Qb8+ Bd8 44. h3 Kg7 45. Rc2 h6 46. Nf4 Qe7 47.
Qe5+ Qxe5 48. dxe5 Ra6 49. Ne2 Be7 50. f4 c5 51. Nc3 d4 52. Nd5 Bf8 53. exd4
cxd4 54. Rd2 Bc5 55. b4 Ba7 56. Ne7 f6 57. Nd5 fxe5 58. fxe5 Re6 59. f4 g5 60.
Ra2 Bb8 61. Ra8 Bxe5 62. fxe5 Rxe5 63. Rd8 Re2+ 64. Kf3 Rb2 65. Rd7+ Kg6 66.
Ne7+ Kf6 67. Nc6 Rb3+ 68. Kg2 d3 69. Rd6+ Kg7 70. Nd4 Rb2+ 71. Kf3 f4 72. Nf5+
Kh7 73. Rxh6+ Kg8 74. Rd6 Kf7 75. Rxd3 Kf6 76. Nd6 Rxb4 77. Ne4+ Kg6 78. Rd5
Rb3+ 79. Kg4 f3 80. Rxg5+ Kh6 81. Rf5 Rd3 82. Rxf3 Rd4 83. Rf4 Rd1 84. h4 Kg7
85. h5 Rg1+ 86. Ng3 Kg8 87. Rf3 Rg2 88. h6 Kh7 89. Kg5 Rh2 90. Rd3 Rg2 91. Rc3
Rd2 92. Rc7+ Kh8 93. Ne4 Rg2+ 94. Kf6 Rg8 95. h7 Rf8+ 96. Ke6 Re8+ 97. Kf5 Re5+
98. Kg6 Re6+ 99. Kh5 Rxe4 100. Kg6 1/2-1/2

[Event "Aktivschach 2008"]
[Site "?"]
[Date "2008.10.28"]
[Round "2"]
[White "Roma 68000, Mephisto"]
[Black "MM II + HG240, Mephisto"]
[Result "1/2-1/2"]
[WhiteElo "1995"]
[BlackElo "1805"]
[Annotator "Alexander Riedel"]
[PlyCount "84"]
[EventDate "2008.??.??"]
[SourceDate "2009.06.14"]

1. d4 d5 2. Nf3 Nc6 3. c4 Bg4 4. e3 e6 5. Nc3 Bb4 6. Qb3 Bxf3 7. gxf3 Nge7 8.
Bd2 O-O 9. f4 b6 10. Bg2 dxc4 11. Qxc4 Qd7 12. Rc1 Rac8 13. a3 Bxc3 14. Qxc3
Nd8 15. b4 c6 16. Qc2 Nb7 17. Be4 f5 18. Bf3 c5 19. bxc5 bxc5 20. Qb2 Nd5 21.
O-O cxd4 22. Qxd4 a5 23. Bc3 Rfd8 24. Bb2 Qf7 25. Rxc8 Rxc8 26. Rc1 Rxc1+ 27.
Bxc1 Qc7 28. Bb2 Qd7 29. Bxd5 exd5 30. a4 Kf8 31. Qb6 Kg8 32. Bc3 Kh8 33. Bxa5
h6 34. Bc3 Nd6 35. a5 Ne4 36. a6 Kh7 37. a7 Qe8 38. Qb8 Qg6+ 39. Kf1 Qa6+ 40.
Kg1 Qg6+ 41. Kf1 Qa6+ 42. Kg1 Qg6+ 1/2-1/2

[Event "Aktivschach 2008"]
[Site "?"]
[Date "2008.01.27"]
[Round "2"]
[White "Roma 68000, Mephisto"]
[Black "MM IV + HG440, Mephisto"]
[Result "1/2-1/2"]
[WhiteElo "1995"]
[BlackElo "1946"]
[Annotator "Alexander Riedel"]
[PlyCount "85"]
[EventDate "2008.??.??"]
[SourceDate "2009.06.14"]

1. d4 Nf6 2. c4 e6 3. Nf3 c5 4. Nc3 d5 5. cxd5 Nxd5 6. e4 Nxc3 7. bxc3 cxd4 8.
cxd4 Bb4+ 9. Bd2 Bxd2+ 10. Qxd2 O-O 11. Bc4 b6 12. O-O Bb7 13. Qf4 Nc6 14. Rfd1
Qb8 15. Qxb8 Raxb8 16. d5 Na5 17. Bb3 Nxb3 18. axb3 exd5 19. exd5 Rbd8 20. d6
Bxf3 21. gxf3 Rd7 22. Rac1 f5 23. Rc7 Rfd8 24. Ra1 a5 25. Re1 Rxd6 26. Ree7
Rg6+ 27. Kf1 h5 28. Ke2 Kh7 29. h3 Rd4 30. Re5 Rh4 31. Rxf5 Rxh3 32. Rff7 Rh1
33. Rfe7 Rb1 34. Rc3 h4 35. Re4 Rh6 36. Rg4 h3 37. Rc7 Rb2+ 38. Kd3 Rxb3+ 39.
Kc2 Kh8 40. Rc8+ Kh7 41. Rc7 Kh8 42. Rc8+ Kh7 43. Rc7 1/2-1/2

[Event "Aktivschach 2008"]
[Site "?"]
[Date "2008.09.11"]
[Round "1"]
[White "Roma 68000, Mephisto"]
[Black "Modena, Mephisto"]
[Result "0-1"]
[WhiteElo "1995"]
[BlackElo "1959"]
[Annotator "Alexander Riedel"]
[PlyCount "106"]
[EventDate "2008.??.??"]
[SourceDate "2009.06.14"]

1. e4 e5 2. Nf3 Nf6 3. Nc3 Nc6 4. d4 exd4 5. Nxd4 Bb4 6. Nxc6 bxc6 7. Bd3 d5 8.
exd5 cxd5 9. O-O O-O 10. Bg5 Bxc3 11. bxc3 h6 12. Bf4 Bg4 13. f3 Be6 14. Rb1 c5
15. Qc1 c4 16. Be2 Re8 17. Qd2 Bf5 18. Rb7 Qa5 19. Ra1 a6 20. Kh1 Rac8 21. a4
d4 22. Bf1 dxc3 23. Qf2 Nd5 24. Bd6 Re6 25. Bg3 Nb4 26. Qa7 Nxc2 27. Ra2 Nb4
28. Ra1 Nc6 29. Qb6 Qxb6 30. Rxb6 Nd4 31. Rxe6 Nxe6 32. Be5 c2 33. g4 Bd3 34.
Bg2 Nc5 35. Bf4 Re8 36. h4 c3 37. Kh2 Re2 38. Kg3 Ne6 39. Bc1 Nd4 40. Bf1 Rd2
41. Bxd3 Rxd3 42. Kf2 Nb3 43. Ra2 Nxc1 44. Rxc2 Rd2+ 45. Ke3 Rxc2 46. Kd4 Ne2+
47. Kd3 Ra2 48. h5 c2 49. Kxe2 c1=Q+ 50. Kd3 Qd2+ 51. Ke4 Rxa4+ 52. Ke5 Qd4+
53. Kf5 Qf4# 0-1

[Event "Aktivschach 2008"]
[Site "?"]
[Date "2008.08.27"]
[Round "1"]
[White "Roma 68000, Mephisto"]
[Black "Polgar, Mephisto"]
[Result "0-1"]
[WhiteElo "1995"]
[BlackElo "2002"]
[Annotator "Alexander Riedel"]
[PlyCount "156"]
[EventDate "2008.??.??"]
[SourceDate "2009.06.14"]

1. d4 Nf6 2. Bg5 Ne4 3. Bh4 c5 4. f3 Qa5+ 5. c3 Nf6 6. e3 d5 7. Nd2 Qb6 8. Qc2
Nbd7 9. O-O-O e5 10. Bd3 Bd6 11. dxe5 Bxe5 12. Re1 h6 13. f4 Bd6 14. Ngf3 O-O
15. c4 Bc7 16. cxd5 Nxd5 17. Nc4 Qa6 18. a3 b5 19. Be4 Bb7 20. Bh7+ Kh8 21. Bf5
N7f6 22. Nce5 Rae8 23. Bxf6 Nxf6 24. Qxc5 Bxe5 25. Nxe5 Bxg2 26. Rhg1 Be4 27.
Bxe4 Nxe4 28. Qd5 Qc8+ 29. Kb1 Qf5 30. Ka2 b4 31. Rc1 Rd8 32. Qb7 bxa3 33. Kxa3
Rb8 34. Qd7 Qh5 35. Rc2 Nf6 36. Qc6 Qh3 37. Re2 Qf5 38. Reg2 g6 39. Qd6 Ne4 40.
Qd7 Qf6 41. Qc6 Nd6 42. Rd2 Rb6 43. Qd5 Ra6+ 44. Kb3 Qf5 45. Rd3 Rc8 46. Rg2
Rc7 47. Rd4 Qb1 48. Nc4 Rb7+ 49. Kc3 Qc1+ 50. Rc2 Nb5+ 51. Kd3 Qf1+ 52. Kd2
Nxd4 53. Qxd4+ Kh7 54. Qd3 Qh1 55. Qe2 Rd7+ 56. Kc3 Ra4 57. Ne5 Rd5 58. Kb3 Qe4
59. Rc7 Rb4+ 60. Kc3 Rb8 61. Nc4 a6 62. Rxf7+ Kg8 63. Rf6 a5 64. Rc6 Rdb5 65.
Rf6 Rb3+ 66. Kd2 Rxb2+ 67. Nxb2 Rxb2+ 68. Ke1 Qh1+ 69. Qf1 Rb1+ 70. Kd2 Qxf1
71. Rxg6+ Kh7 72. Rxh6+ Kxh6 73. Kc3 Rc1+ 74. Kd4 Qd1+ 75. Ke4 Rc5 76. f5 Kg5
77. h4+ Kg4 78. f6 Qd5# 0-1

[Event "Aktivschach 2008"]
[Site "?"]
[Date "2009.08.12"]
[Round "1"]
[White "Roma 68000, Mephisto"]
[Black "Super Expert C 6 MHz, Novag"]
[Result "0-1"]
[WhiteElo "1995"]
[BlackElo "2034"]
[Annotator "Alexander Riedel"]
[PlyCount "72"]
[EventDate "2008.??.??"]
[SourceDate "2009.06.14"]

1. d4 d5 2. Bg5 Nf6 3. Bxf6 gxf6 4. g3 c5 5. Nc3 cxd4 6. Qxd4 e6 7. O-O-O Bh6+
8. e3 Nc6 9. Bb5 a6 10. Bxc6+ bxc6 11. Ne4 Bg7 12. Qc5 Qc7 13. Nd6+ Kd7 14.
Nxc8 Kxc8 15. Nf3 Bf8 16. Qd4 Be7 17. Qg4 Kb7 18. Qg7 Raf8 19. Rd3 h5 20. Rb3+
Ka8 21. Nd4 c5 22. Rc3 f5 23. Nxf5 exf5 24. Ra3 Qb7 25. Rb3 Qc6 26. Qe5 c4 27.
Qxe7 cxb3 28. axb3 Rc8 29. c3 d4 30. Rf1 dxc3 31. Qa3 c2 32. h4 Rhd8 33. Qa5
Qd6 34. Qxd8 Rxd8 35. Kxc2 Qd3+ 36. Kc1 Rc8# 0-1

[Event "Aktivschach 2008"]
[Site "?"]
[Date "2009.08.24"]
[Round "2"]
[White "Roma 68000, Mephisto"]
[Black "Monte Carlo, Mephisto"]
[Result "1/2-1/2"]
[WhiteElo "1995"]
[BlackElo "1888"]
[Annotator "Alexander Riedel"]
[PlyCount "162"]
[EventDate "2008.??.??"]
[SourceDate "2009.06.14"]

1. d4 Nf6 2. Nf3 e6 3. c4 b6 4. e3 d5 5. Nc3 Bb7 6. Bd3 Nbd7 7. cxd5 exd5 8.
O-O Be7 9. Qc2 O-O 10. Bd2 c6 11. Ne2 Re8 12. Ng3 a5 13. Rab1 Bd6 14. Ng5 Nf8
15. Rbc1 Qc7 16. a3 a4 17. Bf5 Ba6 18. Rfe1 h6 19. Nf3 Bc4 20. Bb4 Bxb4 21.
axb4 g6 22. Bd3 Bxd3 23. Qxd3 N8d7 24. Qc2 Re6 25. b5 c5 26. Ra1 Qa7 27. Ne2
cxd4 28. Nexd4 Re4 29. Qc6 Kg7 30. Rec1 Nc5 31. Nd2 Ree8 32. Qd6 Rac8 33. b4
Nd3 34. Rxc8 Rxc8 35. Nc6 Qa8 36. Ra3 Ne1 37. Kf1 Nc2 38. Ra2 a3 39. Rxc2 Qa4
40. Rc1 a2 41. Ra1 Qxb5+ 42. Ke1 Rxc6 43. Qf4 Rc2 44. Qd4 Qa6 45. Kd1 Qa4 46.
Ke1 Qc6 47. Kd1 Qc7 48. b5 Qc8 49. e4 Qc5 50. Qxc5 Rxc5 51. Rxa2 Nxe4 52. Nxe4
dxe4 53. Rb2 f5 54. Ke2 Kf6 55. f3 Ke5 56. fxe4 fxe4 57. Ke3 Rc3+ 58. Kd2 Rd3+
59. Ke2 Kf4 60. g3+ Kf5 61. Rb1 Ke5 62. Rc1 Rb3 63. Rc6 Rxb5 64. Rxg6 Rb2+ 65.
Ke3 Rb3+ 66. Ke2 h5 67. Rg5+ Kd4 68. Rxh5 Rb2+ 69. Ke1 e3 70. h3 Kd3 71. Rd5+
Ke4 72. Rd6 Kf3 73. Rf6+ Kxg3 74. Re6 Kf3 75. Rf6+ Ke4 76. h4 e2 77. h5 Ke3 78.
Re6+ Kf3 79. Rf6+ Ke3 80. Re6+ Kf3 81. Rf6+ Ke3 1/2-1/2

[Event "Aktivschach 2008"]
[Site "?"]
[Date "2009.08.11"]
[Round "2"]
[White "Super Expert C 6 MHz, Novag"]
[Black "D++ 6 MHz, Saitek"]
[Result "1-0"]
[WhiteElo "2034"]
[BlackElo "2026"]
[Annotator "Alexander Riedel"]
[PlyCount "136"]
[EventDate "2008.??.??"]
[SourceDate "2009.06.14"]

1. e4 c5 2. c3 Nf6 3. e5 Nd5 4. d4 cxd4 5. Nf3 Nc6 6. Bc4 Nb6 7. Bb3 d6 8. exd6
Qxd6 9. Na3 dxc3 10. Qxd6 exd6 11. Nb5 cxb2 12. Bxb2 Rb8 13. Ng5 Nd8 14. Nxa7
d5 15. Nxc8 Rxc8 16. O-O f6 17. Nf3 Bb4 18. Rfd1 Nc4 19. Rab1 O-O 20. Rxd5 Nxb2
21. Rxd8+ Kh8 22. Rd7 Bc3 23. Rxb7 Nd3 24. Be6 Ra8 25. Bf7 g6 26. Re7 Bb4 27.
Rd7 Rfd8 28. Rxd8+ Rxd8 29. Bc4 Ba5 30. Rb7 Nb4 31. g3 Rc8 32. Bf7 Nd3 33. Rd7
Rc3 34. Kg2 Bb6 35. a4 Ra3 36. Be8 Kg8 37. Nd2 Nc5 38. Rd6 Kf8 39. Bxg6 hxg6
40. Rxf6+ Kg7 41. Rxb6 Rxa4 42. Nf3 Re4 43. Ng5 Re2 44. Kf3 Ra2 45. h4 Ra3+ 46.
Ke2 Ra2+ 47. Ke3 Ra4 48. f4 Ra2 49. Rb5 Ra3+ 50. Kd4 Nb3+ 51. Ke5 Na5 52. Rc5
Kh6 53. g4 Ra4 54. Rc7 Nc4+ 55. Ke6 Ra6+ 56. Kd5 Nb6+ 57. Ke5 Ra5+ 58. Ke6 Nd7
59. Rxd7 Ra6+ 60. Ke5 Ra5+ 61. Kf6 Ra6+ 62. Ne6 Ra8 63. Rd8 Rxd8 64. g5+ Kh7
65. Nxd8 Kh8 66. Kxg6 Kg8 67. h5 Kf8 68. h6 Ke7 1-0

[Event "Aktivschach 2008"]
[Site "?"]
[Date "2009.08.11"]
[Round "2"]
[White "Super Expert C 6 MHz, Novag"]
[Black "GK 2000, Saitek"]
[Result "1/2-1/2"]
[WhiteElo "2034"]
[BlackElo "1974"]
[Annotator "Alexander Riedel"]
[PlyCount "37"]
[EventDate "2008.??.??"]
[SourceDate "2009.06.14"]

1. e4 e6 2. d4 d5 3. Nd2 Nf6 4. e5 Nfd7 5. Bd3 c5 6. c3 Nc6 7. Ne2 cxd4 8. cxd4
Qb6 9. Nf3 f6 10. exf6 Nxf6 11. O-O Bd6 12. Nc3 O-O 13. Be3 Qxb2 14. Na4 Qa3
15. Bc1 Qb4 16. Bd2 Qa3 17. Bc1 Qb4 18. Bd2 Qa3 19. Bc1 1/2-1/2

[Event "Aktivschach 2008"]
[Site "?"]
[Date "2009.08.14"]
[Round "2"]
[White "Super Expert C 6 MHz, Novag"]
[Black "Kishon Chesster, Fidelity"]
[Result "1-0"]
[WhiteElo "2034"]
[BlackElo "1873"]
[Annotator "Alexander Riedel"]
[PlyCount "87"]
[EventDate "2008.??.??"]
[SourceDate "2009.06.14"]

1. d4 Nf6 2. c4 g6 3. Nc3 d5 4. cxd5 Nxd5 5. e4 Nxc3 6. bxc3 Bg7 7. Bc4 O-O 8.
Ne2 c5 9. O-O Nc6 10. Be3 cxd4 11. cxd4 Bg4 12. f3 Na5 13. Bxf7+ Rxf7 14. fxg4
Rxf1+ 15. Kxf1 Qd7 16. h3 b5 17. Bf2 Rf8 18. Kg1 Nc4 19. Rc1 a5 20. d5 Nd6 21.
Qd3 e5 22. Bc5 Bh6 23. Rb1 Bg7 24. Bxd6 Qxd6 25. Qxb5 Qa3 26. Qb3 Qc5+ 27. Kh1
Rf7 28. Nc3 Bf8 29. Nb5 Qb6 30. d6 a4 31. Qd5 Bg7 32. d7 Qd8 33. Rf1 Qxd7 34.
Nd6 Qxd6 35. Qxf7+ Kh8 36. Qe8+ Bf8 37. Rxf8+ Kg7 38. Rf7+ Kh6 39. Qg8 Qd1+ 40.
Kh2 Qxg4 41. Qg7+ Kg5 42. Qf6+ Kh6 43. hxg4 a3 44. Qh4# 1-0

[Event "Aktivschach 2008"]
[Site "?"]
[Date "2009.08.10"]
[Round "2"]
[White "Super Expert C 6 MHz, Novag"]
[Black "MM II + HG240, Mephisto"]
[Result "1-0"]
[WhiteElo "2034"]
[BlackElo "1805"]
[Annotator "Alexander Riedel"]
[PlyCount "223"]
[EventDate "2008.??.??"]
[SourceDate "2009.06.14"]

1. e4 e5 2. Nf3 d6 3. d4 Nf6 4. dxe5 Nxe4 5. Qd5 Nc5 6. Bg5 Be7 7. exd6 Qxd6 8.
Nc3 O-O 9. O-O-O Bxg5+ 10. Qxg5 Ne6 11. Qh5 Nf4 12. Qh4 Ng6 13. Qg3 Qxg3 14.
hxg3 Ne7 15. Re1 Nbc6 16. Nb5 Nd5 17. c4 Nf6 18. Nxc7 Rb8 19. Bd3 g6 20. Nd5
Nxd5 21. cxd5 Nb4 22. Rd1 Nxa2+ 23. Kd2 Nb4 24. Bc4 b5 25. Bb3 Bf5 26. Kc3 a5
27. Nd4 Be4 28. d6 Rfd8 29. Rhe1 Rbc8+ 30. Kd2 Bc6 31. Re7 Rxd6 32. Ke2 Rf6 33.
Nxc6 Nxc6 34. Rb7 a4 35. Bd5 Nb4 36. Be4 Re6 37. Kf3 Rc4 38. Bb1 g5 39. g4 Nc6
40. Ba2 Ne5+ 41. Ke3 Nxg4+ 42. Kf3 Ne5+ 43. Kg3 Rg4+ 44. Kh2 Rh6+ 45. Kg1 Nf3+
46. Kf1 Rh1+ 47. Ke2 Nd4+ 48. Kd2 Rxd1+ 49. Kxd1 Rxg2 50. Rxf7 Kh8 51. Kd2 h5
52. Bd5 Rg1 53. Ke3 Nc2+ 54. Kd2 Nb4 55. Be4 h4 56. Rb7 Na2 57. Rxb5 Rg4 58.
Bf3 Rf4 59. Ke3 Rb4 60. Rxg5 Rb3+ 61. Kf4 Nc1 62. Rh5+ Kg7 63. Rg5+ Kf6 64.
Rf5+ Ke7 65. Re5+ Kd8 66. Rd5+ Ke8 67. Bd1 Rxb2 68. Bxa4+ Ke7 69. Ke3 Ra2 70.
Bd1 h3 71. Re5+ Kf7 72. Rh5 Kg6 73. Bg4 Ra3+ 74. Kd2 Nd3 75. Rxh3 Nxf2 76. Bh5+
Kg5 77. Rxa3 Kxh5 78. Ke2 Ne4 79. Ke3 Ng3 80. Kf4 Ne2+ 81. Kf3 Nd4+ 82. Ke4 Ne2
83. Re3 Ng1 84. Rg3 Ne2 85. Rg2 Nc3+ 86. Kf5 Kh4 87. Ke5 Kh3 88. Rb2 Kg4 89.
Kd4 Kf4 90. Kxc3 Ke4 91. Rb4+ Ke5 92. Kc4 Ke4 93. Kc5+ Ke5 94. Rb5 Ke4 95. Rb3
Ke5 96. Rb4 Ke6 97. Rb5 Ke5 98. Kc4+ Ke4 99. Rc5 Ke3 100. Re5+ Kf3 101. Kd5 Kf4
102. Kd4 Kf3 103. Rf5+ Kg4 104. Ke4 Kg3 105. Rf4 Kg2 106. Rf3 Kg1 107. Ke3 Kg2
108. Kf4 Kh2 109. Rf2+ Kh1 110. Kf3 Kg1 111. Kg3 Kh1 112. Rf1# 1-0

[Event "Aktivschach 2008"]
[Site "?"]
[Date "2009.08.09"]
[Round "2"]
[White "Super Expert C 6 MHz, Novag"]
[Black "MM IV + HG440, Mephisto"]
[Result "0-1"]
[WhiteElo "2034"]
[BlackElo "1946"]
[Annotator "Alexander Riedel"]
[PlyCount "164"]
[EventDate "2008.??.??"]
[SourceDate "2009.06.14"]

1. e4 c5 2. Nf3 e6 3. d4 cxd4 4. Nxd4 Nc6 5. Nc3 a6 6. Be3 Bb4 7. Qd2 Nf6 8.
Nxc6 bxc6 9. Qd4 c5 10. Qd3 d5 11. exd5 exd5 12. Bg5 O-O 13. O-O-O Bxc3 14.
bxc3 Be6 15. Be2 h6 16. Bh4 Re8 17. Rhe1 g6 18. Bf1 g5 19. Bg3 Ne4 20. f3 Nxg3
21. hxg3 Qa5 22. Kb1 Rab8+ 23. Ka1 d4 24. c4 Kg7 25. Qd2 Qa3 26. Rb1 Qa4 27.
Rxb8 Rxb8 28. c3 Bxc4 29. Bxc4 Qxc4 30. cxd4 Qxd4+ 31. Qxd4+ cxd4 32. Rd1 Rd8
33. Kb2 g4 34. Kb3 gxf3 35. gxf3 Kf6 36. Kc4 Ke5 37. Re1+ Kf5 38. Kd3 Rg8 39.
g4+ Kf4 40. Kxd4 Kxf3 41. Rf1+ Kg2 42. Rf4 Kg3 43. Rxf7 Rxg4+ 44. Ke3 h5 45.
Rf3+ Kh2 46. Rf2+ Rg2 47. Rf4 Rg3+ 48. Ke2 Rg4 49. Rf6 h4 50. Rxa6 Kg2 51. Rf6
Ra4 52. Rf2+ Kg1 53. Rf1+ Kh2 54. Kf3 Ra3+ 55. Kf4 Kg2 56. Rd1 Rxa2 57. Rd8
Rf2+ 58. Ke4 h3 59. Rg8+ Kf1 60. Rh8 h2 61. Ke3 Kg1 62. Rg8+ Rg2 63. Rd8 h1=Q
64. Rd1+ Kh2 65. Rxh1+ Kxh1 66. Ke4 Kh2 67. Kf3 Kh3 68. Ke4 Kg4 69. Ke5 Re2+
70. Kd5 Re8 71. Kd4 Kf4 72. Kc5 Re1 73. Kd6 Rd1+ 74. Ke6 Rd2 75. Kf6 Re2 76.
Kg6 Ke5 77. Kg5 Rg2+ 78. Kh5 Kf4 79. Kh6 Kf5 80. Kh7 Kf6 81. Kh8 Kf7 82. Kh7
Rh2# 0-1